<?xml version="1.0" encoding="UTF-8"?>
<collection xmlns="http://www.loc.gov/MARC21/slim">
 <record>
  <leader>01883nam a2200193Ia 4500</leader>
  <controlfield tag="001">CTU_20252</controlfield>
  <controlfield tag="008">210402s9999    xx            000 0 und d</controlfield>
  <datafield tag="082" ind1=" " ind2=" ">
   <subfield code="a">948.5</subfield>
  </datafield>
  <datafield tag="082" ind1=" " ind2=" ">
   <subfield code="b">J72</subfield>
  </datafield>
  <datafield tag="100" ind1=" " ind2=" ">
   <subfield code="a">Hans-Ingvar Johnsson</subfield>
  </datafield>
  <datafield tag="245" ind1=" " ind2="0">
   <subfield code="a">Bức tranh toàn cảnh Thụy Điển</subfield>
  </datafield>
  <datafield tag="245" ind1=" " ind2="0">
   <subfield code="b">= Spotlight on Sweden</subfield>
  </datafield>
  <datafield tag="245" ind1=" " ind2="0">
   <subfield code="c">Hans-Ingvar Johnsson</subfield>
  </datafield>
  <datafield tag="260" ind1=" " ind2=" ">
   <subfield code="a">Hà Nội</subfield>
  </datafield>
  <datafield tag="260" ind1=" " ind2=" ">
   <subfield code="b">Chính Trị Quốc Gia</subfield>
  </datafield>
  <datafield tag="260" ind1=" " ind2=" ">
   <subfield code="c">1997</subfield>
  </datafield>
  <datafield tag="520" ind1=" " ind2=" ">
   <subfield code="a">Sách phác họa bức tranh toàn cảnh các lĩnh vực kinh tế, chính trị, văn hóa, xã hội, ..., của Thụy Điển trên những nét nổi bật và đặc sắc nhất. Thụy Điển nằm ở Bắc Âu, trên bán đảo Scandinavia, giữ vị trí quan trọng, đặc biệt trong khu vực và biển Baltic. Đất nước này sản sinh ra những nhà phát minh, những nhà khoa học nổi tiếng như Lars Magnus, Ericsson, Sven Wingquist, Gustaf Erik Pasch, Victor Hasselblad, ... Là quê hương của Alfred Nobel và ban nhạc ABBA lừng danh thế giới. Với diện tích đứng hàng thứ năm ở Châu Âu, dân số khoảng 9 triệu người, với thiên nhiên phong phú và đa dạng, Thụy Điển đã từng được ghi nhận là một &quot;mô hình&quot; tiên tiến về chế độ phúc lợi xã hội. Từ một nước nghèo nhất ở Châu Âu vào giữa thế kỷ XIX, một thế kỷ sau, Thụy Điển đã trở thành một trong những nước phát triển hàng đầu thế giới, có vị trí và uy tín cao trên trường quốc tế</subfield>
  </datafield>
  <datafield tag="650" ind1=" " ind2=" ">
   <subfield code="a">sweden - description and travel</subfield>
  </datafield>
  <datafield tag="980" ind1=" " ind2=" ">
   <subfield code="a">Trung tâm Học liệu Trường Đại học Cần Thơ</subfield>
  </datafield>
 </record>
</collection>
